Time management / (Record no. 129010)
[ view plain ]
| 000 -LEADER | |
|---|---|
| fixed length control field | 00656nam a22002177a 4500 |
| 005 - DATE AND TIME OF LATEST TRANSACTION | |
| control field | 20170124110049.0 |
| 010 ## - LIBRARY OF CONGRESS CONTROL NUMBER | |
| LC control number | A-895168 |
| 020 ## - INTERNATIONAL STANDARD BOOK NUMBER | |
| Terms of availability | 00.00 |
| 035 ## - SYSTEM CONTROL NUMBER | |
| System control number | A-895168 |
| 037 ## - SOURCE OF ACQUISITION | |
| Source of stock number/acquisition | Cen Lib/Ret |
| 040 ## - CATALOGING SOURCE | |
| Original cataloging agency | DPL |
| Language of cataloging | EN |
| 082 ## - DEWEY DECIMAL CLASSIFICATION NUMBER | |
| Classification number | 650.1 |
| Item number | BAG |
| 100 ## - MAIN ENTRY--PERSONAL NAME | |
| Personal name | Bagade, Shankar Digambar |
| 9 (RLIN) | 25099 |
| 245 ## - TITLE STATEMENT | |
| Title | Time management / |
| Statement of responsibility, etc | by Shankar Digambar Bagade |
| 260 ## - PUBLICATION, DISTRIBUTION, ETC. (IMPRINT) | |
| Name of publisher, distributor, etc | Himalaya Publishing House |
| Date of publication, distribution, etc | 1997 |
| Place of publication, distribution, etc | Mumbai |
| 270 ## - ADDRESS | |
| City | Mumbai |
| Address | "Ramdoot" Dr. Bhalerao Marg, Girgaon |
| Postal code | 400004 |
| 300 ## - PHYSICAL DESCRIPTION | |
| Extent | 195p. |
| Dimensions | 20cm(Hb) |
| 650 ## - SUBJECT ADDED ENTRY--TOPICAL TERM | |
| Topical term or geographic name as entry element | Time management--Social aspects |
| 9 (RLIN) | 25100 |
| 650 ## - SUBJECT ADDED ENTRY--TOPICAL TERM | |
| Topical term or geographic name as entry element | Time management |
| 9 (RLIN) | 16925 |
| 942 ## - ADDED ENTRY ELEMENTS (KOHA) | |
| Source of classification or shelving scheme | Dewey Decimal Classification |
| Koha item type | English Books |
| Classification part | 650.1 |
| Call number suffix | BAG |
| Withdrawn status | Lost status | Damaged status | Not for loan | Home library | Current library | Date acquired | Source of acquisition | Cost, normal purchase price | Total Checkouts | Full call number | Barcode | Date last seen | Date checked out | Copy number | Cost, replacement price | Price effective from | Koha item type |
|---|---|---|---|---|---|---|---|---|---|---|---|---|---|---|---|---|---|
| Central Library | Central Library | 04/07/2015 | Cen Lib/Ret | 0.00 | 1 | 650.1 BAG | A-895168 | 30/12/2019 | 01/12/2019 | 1 | 0.00 | 04/07/2015 | English Books |
